000 00313nam a22001217a 4500
008 160430b xxu||||| |||| 00| 0 eng d
020 _a9780538496735
020 _a0538496738
041 _aeng
080 _a612.39
245 _aNutrition concepts controversies:
_cMary Ellen Clark;Sizer Vhitney;
942 _2udc
_cBK
999 _c1710
_d1710